LEADER 01046nam a2200301 i 4500 001 991001235949707536 005 20020507113237.0 008 970308s1971 us ||| | eng 020 $a0471023302 035 $ab10192499-39ule_inst 035 $aLE00644396$9ExL 040 $aDip.to Fisica$bita 084 $a621.3.1 084 $a621.3.2 084 $a621.381'52 100 1 $aAlley, Charles L.$026620 245 10$aSemiconductor devices and circuits /$cCharles L. Alley, Kenneth W. Atwood 260 $aNew York :$bJohn Wiley & Sons,$c1971 300 $avii, 490 p. :$bill. ;$c23 cm. 500 $aIncludes bibliographical references. 650 4$aSemiconductors 700 1 $aAtwood, Kenneth W. 907 $a.b10192499$b21-09-06$c27-06-02 912 $a991001235949707536 945 $aLE006 621.3.1+621.3.2 ALL$g1$i2006000054409$lle006$o-$pE0.00$q-$rl$s- $t0$u0$v0$w0$x0$y.i10237495$z27-06-02 996 $aSemiconductor devices and circuits$9191560 997 $aUNISALENTO 998 $ale006$b01-01-97$cm$da $e-$feng$gus $h0$i1 LEADER 01248nam0 22002891i 450 001 UON00106193 005 20231205102616.169 100 $a20020107g19671968 |0itac50 ba 101 $aeng 102 $aMT 105 $a|||| 1|||| 200 1 $aHistory of the Church in Malta$fArthur Bonnici 205 $aMalta : Empire Press Catholic Institute$b1967-1968 210 $a2 v.$a22 cm 215 $av. 1: Period I: 60-1090; Period II: 1090-1530; v.2: Period III: 1530-1800 316 $aAltro inv.: SA 37930$5IT-UONSI MLTIV/007 (1-2) 606 $aMalta$xStoria$3UONC008007$2FI 620 $aMT$dMalta$3UONL000724 686 $aMLT IV$cMALTA - STORIA$2A 700 1$aBONNICI$bArthur$3UONV067729$0665352 712 $aEMPIRE PRESS$3UONV249677$4650 801 $aIT$bSOL$c20250711$gRICA 912 $aUON00106193 950 $aSIBA - SISTEMA BIBLIOTECARIO DI ATENEO$dSI MLT IV 007 (1-2) $eSI SA 37929 5 007 (1-2) Altro inv.: SA 37930 950 $aSIBA - SISTEMA BIBLIOTECARIO DI ATENEO$dSI MLT IV 007 (2) $eSI SA 37930 5 007 (2) 996 $aHistory of the Church in Malta$91306207 997 $aUNIOR